Top 100 Point Guards according to ChatGPT - Statistics

General Stats
  • This quiz has been taken 23 times
  • The average score is 44 of 100
Answer Stats
Rank Answer % Correct
1 Magic Johnson
89%
2 Stephen Curry
89%
34 Isaiah Thomas
83%
6 Isiah Thomas
83%
11 Jerry West
83%
91 Avery Johnson
78%
21 Dennis Johnson
78%
28 Deron Williams
78%
27 Gus Williams
78%
4 John Stockton
78%
17 Kevin Johnson
78%
74 Mark Jackson
78%
3 Oscar Robertson
78%
14 Russell Westbrook
78%
7 Steve Nash
78%
10 Bob Cousy
72%
5 Chris Paul
72%
8 Jason Kidd
72%
12 Damian Lillard
67%
77 Derek Harper
67%
94 Derrick White
67%
40 Ja Morant
67%
25 Jo Jo White
67%
49 Jrue Holiday
67%
33 Kyle Lowry
67%
18 Kyrie Irving
67%
15 Tony Parker
67%
50 Mike Conley
61%
20 Penny Hardaway
61%
35 Rajon Rondo
61%
19 Walt Frazier
61%
67 Andre Miller
56%
22 Chauncey Billups
56%
51 De'Aaron Fox
56%
37 Jimmy Jones
56%
29 John Wall
56%
47 Larry Jones
56%
23 Mark Price
56%
26 Shai Gilgeous-Alexander
56%
39 Trae Young
56%
9 Gary Payton
50%
41 Kemba Walker
50%
87 Kevin Porter
50%
45 Mo Cheeks
50%
95 Muggsy Bogues
50%
64 Rod Strickland
50%
43 Terry Porter
50%
16 Tiny Archibald
50%
68 Fred VanVleet
44%
78 Goran Dragić
44%
93 Larry Brown
44%
13 Luka Dončić
44%
62 Mike Bibby
44%
55 Mookie Blaylock
44%
52 Sam Cassell
44%
61 Stephon Marbury
44%
30 Baron Davis
39%
73 Ben Simmons
39%
89 Dejounte Murray
39%
85 Doc Rivers
39%
44 Jamal Murray
39%
60 Jason Terry
39%
69 Steve Francis
39%
63 Calvin Murphy
33%
42 Fat Lever
33%
48 Norm Nixon
33%
71 Archie Clark
28%
31 Gilbert Arenas
28%
90 Jameer Nelson
28%
86 Kenny Anderson
28%
72 Nick Van Exel
28%
24 Dave Bing
22%
66 Terrell Brandon
22%
57 Freddie Lewis
17%
75 Larry Costello
17%
65 Micheal Ray Richardson
17%
70 Sleepy Floyd
17%
81 Al Cervi
11%
53 Andy Phillip
11%
80 Bill Melchionni
11%
79 Brian Taylor
11%
82 Buddy Jeannette
11%
54 Dick McGuire
11%
83 Don Buse
11%
46 Gene Shue
11%
76 Guy Rodgers
11%
56 James Silas
11%
84 Johnny Moore
11%
36 Louie Dampier
11%
59 Norm Van Lier
11%
96 Patrick Beverly
11%
32 Slater Martin
11%
98 Bobby Hurley
6%
58 Carl Braun
6%
88 Fred Scolari
6%
38 Mack Calvin
6%
100 Nate McMillan
6%
92 Phil Ford
6%
97 Reggie Theus
6%
99 Frank Ramsey
0%
No matching quizzes found
Score Distribution
Percent of People with Each Score
Percentile by Number Answered
Your Score History
You have not taken this quiz